Personal Memoir of Daniel Drayton, For Four Years and Four Months a Prisoner (For Charity's Sake) in Washington Jail : (Record no. 239656)
[ view plain ]
| 000 -LEADER | |
|---|---|
| fixed length control field | 01028cam a22002773a 4500 |
| 001 - CONTROL NUMBER | |
| control field | 10401 |
| 003 - CONTROL NUMBER IDENTIFIER | |
| control field | PGUSA |
| 005 - DATE AND TIME OF LATEST TRANSACTION | |
| control field | 20140828083224.0 |
| 008 - FIXED-LENGTH DATA ELEMENTS--GENERAL INFORMATION | |
| fixed length control field | 031201s2003||||xxu|||||s|||||000 | eng d |
| 040 ## - CATALOGING SOURCE | |
| Original cataloging agency | PGUSA |
| Language of cataloging | eng |
| 042 ## - AUTHENTICATION CODE | |
| Authentication code | dc |
| 050 #4 - LIBRARY OF CONGRESS CALL NUMBER | |
| Classification number | E300 |
| 050 #4 - LIBRARY OF CONGRESS CALL NUMBER | |
| Classification number | KF |
| 100 1# - MAIN ENTRY--PERSONAL NAME | |
| Personal name | Drayton, Daniel, |
| Dates associated with a name | 1802-1857 |
| 245 10 - TITLE STATEMENT | |
| Title | Personal Memoir of Daniel Drayton, For Four Years and Four Months a Prisoner (For Charity's Sake) in Washington Jail : |
| Remainder of title | Including A Narrative Of The Voyage And Capture Of The Schooner Pearl |
| Medium | [electronic resource] / |
| Statement of responsibility, etc | Daniel Drayton |
| 260 ## - PUBLICATION, DISTRIBUTION, ETC. (IMPRINT) | |
| Name of publisher, distributor, etc | Project Gutenberg, |
| Date of publication, distribution, etc | 2003 |
| 506 ## - RESTRICTIONS ON ACCESS NOTE | |
| Terms governing access | Public domain in the USA. |
| 516 ## - TYPE OF COMPUTER FILE OR DATA NOTE | |
| Type of computer file or data note | Electronic text |
| 653 ## - INDEX TERM--UNCONTROLLED | |
| Uncontrolled term | Drayton, Daniel, 1802-1857 -- Trials, litigation, etc. |
| 653 ## - INDEX TERM--UNCONTROLLED | |
| Uncontrolled term | Fugitive slaves -- Legal status, laws, etc. -- Maryland |
| 653 ## - INDEX TERM--UNCONTROLLED | |
| Uncontrolled term | Abolitionists -- United States -- Biography |
| 653 ## - INDEX TERM--UNCONTROLLED | |
| Uncontrolled term | Trials -- Washington (D.C.) |
| 830 #0 - SERIES ADDED ENTRY--UNIFORM TITLE | |
| Uniform title | Project Gutenberg |
| Volume number/sequential designation | 10401 |
| 856 40 - ELECTRONIC LOCATION AND ACCESS | |
| Uniform Resource Identifier | <a href="http://www.gutenberg.org/ebooks/10401">http://www.gutenberg.org/ebooks/10401</a> |
| 942 ## - ADDED ENTRY ELEMENTS (KOHA) | |
| Koha item type | eBooks |
| Withdrawn status | Lost status | Damaged status | Home library | Current library | Date acquired | Total Checkouts | Date last seen | Price effective from | Koha item type |
|---|---|---|---|---|---|---|---|---|---|
| Project Gutenberg | Project Gutenberg | 08/28/2014 | 08/28/2014 | 08/28/2014 | eBooks |